[Event "Lovfalds EMT 16th Basis 2"]
[Site "Ringsted"]
[Date "2002.09.15"]
[Round "5"]
[White "Jensen, Jan Erik"]
[Black "Pedersen, Jon"]
[Result "0-1"]
[WhiteElo "1328"]
[BlackElo "1395"]
[PlyCount "102"]
[EventDate "2002.09.13"]
[EventType "tourn"]
[EventRounds "5"]
[EventCountry "DEN"]
[SourceTitle "EXT 2023"]
[Source "ChessBase"]
[SourceDate "2022.10.05"]
[SourceVersion "1"]
[SourceVersionDate "2022.10.05"]
[SourceQuality "1"]

1. e4 c6 2. Nc3 d5 3. exd5 cxd5 4. Bb5+ Bd7 5. Bxd7+ Qxd7 6. Nf3 Nf6 7. 0-0 Nc6 8. d3 e6 9. h3 Be7 10. Bg5 0-0 11. Re1 Rfc8 12. Ne2 h6 13. Bxf6 Bxf6 14. c3 b5 15. a3 a6 16. d4 Na5 17. Nd2 Nc4 18. Nxc4 bxc4 19. Rb1 Rab8 20. b3 cxb3 21. Rxb3 Be7 22. Qc2 Qa7 23. Reb1 Rxb3 24. Qxb3 Bd6 25. a4 Rb8 26. Qc2 Rxb1+ 27. Qxb1 Qd7 28. Qc2 Qc6 29. Kf1 e5 30. f3 exd4 31. Nxd4 Qc4+ 32. Kf2 Bc5 33. Qd2 Qxa4 34. Ke2 Bxd4 35. cxd4 Qc4+ 36. Qd3 Kf8 37. Qxc4 dxc4 38. Kd2 Ke7 39. Kc3 Kd6 40. Kxc4 a5 41. Kb5 Kd5 42. Kxa5 Kxd4 43. Kb5 Ke3 44. Kc5 Kf2 45. Kd6 Kxg2 46. Ke7 f5 47. Ke6 f4 48. Kf7 Kxf3 49. Kxg7 h5 50. Kg6 h4 51. Kg5 Kg3 0-1

[Event "Lovfalds EMT 16th Basis 2"]
[Site "Ringsted"]
[Date "2002.09.15"]
[Round "4"]
[White "Pedersen, Jon"]
[Black "Christoffersen, Jan"]
[Result "1-0"]
[WhiteElo "1395"]
[BlackElo "1271"]
[PlyCount "75"]
[EventDate "2002.09.13"]
[EventType "tourn"]
[EventRounds "5"]
[EventCountry "DEN"]
[SourceTitle "EXT 2023"]
[Source "ChessBase"]
[SourceDate "2022.10.05"]
[SourceVersion "1"]
[SourceVersionDate "2022.10.05"]
[SourceQuality "1"]

1. f4 e6 2. Nf3 Nc6 3. e3 d5 4. Be2 Nf6 5. b3 Bd7 6. Bb2 Bc5 7. Nc3 a6 8. 0-0 Qe7 9. Na4 Ba7 10. d4 0-0-0 11. c4 Ne4 12. Nc3 Nxc3 13. Bxc3 h5 14. c5 h4 15. a4 h3 16. g3 Rdg8 17. b4 e5 18. fxe5 Bg4 19. b5 Bxf3 20. Bxf3 Qg5 21. Qd2 Nxe5 22. dxe5 Bxc5 23. Bd4 Bxd4 24. Qxd4 Re8 25. Bg4+ Kb8 26. Rf5 Qg6 27. bxa6 Qxa6 28. Qxd5 Qb6 29. Qd4 Qc6 30. Rf2 Rd8 31. Bf3 Qa6 32. Qb4 Rd3 33. Be2 Rhd8 34. Bxd3 Qxd3 35. Rb1 b6 36. a5 Qxe3 37. axb6 c6 38. Qe7 1-0

[Event "Lovfalds EMT 16th Basis 2"]
[Site "Ringsted"]
[Date "2002.09.13"]
[Round "1"]
[White "Carlsen, Jimmy Gronbaek"]
[Black "Pedersen, Jon"]
[Result "1/2-1/2"]
[WhiteElo "1431"]
[BlackElo "1395"]
[PlyCount "59"]
[EventDate "2002.09.13"]
[EventType "tourn"]
[EventRounds "5"]
[EventCountry "DEN"]
[SourceTitle "EXT 2023"]
[Source "ChessBase"]
[SourceDate "2022.10.05"]
[SourceVersion "1"]
[SourceVersionDate "2022.10.05"]
[SourceQuality "1"]

1. d4 d5 2. c4 c6 3. Nf3 e6 4. Nc3 dxc4 5. e4 b5 6. a3 Nf6 7. Bg5 Be7 8. e5 Nd5 9. Bxe7 Qxe7 10. Ne4 0-0 11. Nd6 Na6 12. g3 Nac7 13. Be2 Ne8 14. Nxe8 Rxe8 15. Nd2 c3 16. bxc3 Nxc3 17. Qc2 Nxe2 18. Kxe2 Rd8 19. Nf3 Bb7 20. Rhd1 Rac8 21. Qc5 Rc7 22. Qxe7 Rxe7 23. Rd2 c5 24. Rad1 Bxf3+ 25. Kxf3 Red7 26. Ke3 c4 27. Rb2 Rb8 28. Rc1 Rd5 29. Rxc4 Kf8 30. Rc7 1/2-1/2

[Event "Lovsprings op-C 13th"]
[Site "Ringsted"]
[Date "2002.04.19"]
[Round "6"]
[White "Petersen, Torben William"]
[Black "Pedersen, Jon"]
[Result "1-0"]
[WhiteElo "1365"]
[BlackElo "1438"]
[PlyCount "39"]
[EventDate "2002.03.08"]
[EventType "swiss"]
[EventRounds "7"]
[EventCountry "DEN"]
[SourceTitle "EXT 2023"]
[Source "ChessBase"]
[SourceDate "2022.10.05"]
[SourceVersion "1"]
[SourceVersionDate "2022.10.05"]
[SourceQuality "1"]

1. d4 d5 2. c4 c6 3. Nc3 dxc4 4. e3 b5 5. a4 b4 6. Na2 b3 7. Nc3 Ba6 8. Nf3 e6 9. Ne5 Nd7 10. Qf3 Nxe5 11. dxe5 Qc7 12. Qe4 Bb4 13. Bd2 Ne7 14. Bxc4 Bxc4 15. Qxc4 Nd5 16. 0-0 0-0 17. Nxd5 exd5 18. Qxb4 Qxe5 19. Bc3 Rab8 20. Qxf8+ 1-0

[Event "Lovsprings op-C 13th"]
[Site "Ringsted"]
[Date "2002.03.15"]
[Round "2"]
[White "Wagner, Tim"]
[Black "Pedersen, Jon"]
[Result "1-0"]
[WhiteElo "1582"]
[BlackElo "1438"]
[PlyCount "83"]
[EventDate "2002.03.08"]
[EventType "swiss"]
[EventRounds "7"]
[EventCountry "DEN"]
[SourceTitle "EXT 2023"]
[Source "ChessBase"]
[SourceDate "2022.10.05"]
[SourceVersion "1"]
[SourceVersionDate "2022.10.05"]
[SourceQuality "1"]

1. d4 d5 2. c4 c6 3. Nc3 e6 4. e3 Nf6 5. Bd3 b6 6. Nf3 Nbd7 7. 0-0 Be7 8. Qc2 dxc4 9. Bxc4 h6 10. Ne2 Bd6 11. Rd1 Qc7 12. Ng3 0-0 13. e4 Bxg3 14. fxg3 Nh5 15. e5 g5 16. Qe4 Ng7 17. g4 Rd8 18. h4 gxh4 19. Bxh6 Bb7 20. Ng5 Nf8 21. Rf1 c5 22. Qe2 Rd7 23. Rf2 Re8 24. Ne4 Bxe4 25. Qxe4 Rxd4 26. Qe2 Ng6 27. Be3 Rdd8 28. Raf1 Re7 29. Bg5 Rde8 30. Bxe7 Rxe7 31. Re1 Qc6 32. Kh1 h3 33. Qf3 hxg2+ 34. Qxg2 Qxg2+ 35. Kxg2 Rd7 36. Kg3 Rd4 37. b3 Kf8 38. Re3 Ke7 39. Bd3 Nf8 40. Ref3 Ke8 41. Bb5+ Nd7 42. Rxf7 1-0

[Event "Lovsprings op-C 13th"]
[Site "Ringsted"]
[Date "2002.03.08"]
[Round "1"]
[White "Pedersen, Jon"]
[Black "Pedersen, Allan"]
[Result "0-1"]
[WhiteElo "1438"]
[BlackElo "1536"]
[PlyCount "52"]
[EventDate "2002.03.08"]
[EventType "swiss"]
[EventRounds "7"]
[EventCountry "DEN"]
[SourceTitle "EXT 2023"]
[Source "ChessBase"]
[SourceDate "2022.10.05"]
[SourceVersion "1"]
[SourceVersionDate "2022.10.05"]
[SourceQuality "1"]

1. e4 c5 2. d4 cxd4 3. c3 d6 4. cxd4 Nf6 5. Nc3 a6 6. Nf3 e6 7. Be3 Be7 8. h3 0-0 9. Bd3 Ne8 10. d5 e5 11. 0-0 Nd7 12. Qc2 b6 13. Rfc1 Nc5 14. Bxc5 bxc5 15. b4 cxb4 16. Ne2 Bd7 17. a3 bxa3 18. Rxa3 a5 19. Ng3 g6 20. Rca1 a4 21. Ne1 Ng7 22. Qe2 f5 23. f3 f4 24. Nh1 Bh4 25. Bb5 Qb6+ 26. Kf1 Bxb5 0-1

[Event "Lovsprings op 12th D"]
[Site "Ringsted"]
[Date "2001.04.20"]
[Round "6"]
[White "Clausen, Thomas"]
[Black "Pedersen, Jon"]
[Result "1-0"]
[WhiteElo "1000"]
[BlackElo "1197"]
[PlyCount "93"]
[EventDate "2001.03.02"]
[EventType "swiss"]
[EventRounds "7"]
[EventCountry "DEN"]
[SourceTitle "EXT 2023"]
[Source "ChessBase"]
[SourceDate "2022.10.05"]
[SourceVersion "1"]
[SourceVersionDate "2022.10.05"]
[SourceQuality "1"]

1. e4 c6 2. Nc3 d5 3. d4 dxe4 4. Nxe4 Nf6 5. Nxf6+ gxf6 6. Bc4 Bf5 7. Nf3 Qc7 8. g3 e6 9. Bf4 Bd6 10. Bxd6 Qxd6 11. a3 Nd7 12. Qe2 0-0-0 13. 0-0-0 Nb6 14. Bb3 Rhg8 15. h3 Kb8 16. g4 Qf4+ 17. Qe3 Qxe3+ 18. fxe3 Be4 19. Rhf1 Bd5 20. Nd2 Rg6 21. Bxd5 exd5 22. Rf5 Re8 23. Re1 Rh6 24. Rf3 Nc8 25. c4 Ne7 26. Rh1 Kc7 27. e4 dxc4 28. Nxc4 Nc8 29. e5 Rg8 30. Rxf6 Rxf6 31. exf6 Kd7 32. Re1 a6 33. Ne5+ Ke6 34. g5 Rxg5 35. Nf3+ Kxf6 36. Nxg5 Kxg5 37. Re8 Nd6 38. Rd8 Nf5 39. d5 cxd5 40. Rxd5 Kf6 41. Kd2 Ke6 42. Rd8 h6 43. Kc3 Nd6 44. Kd4 Ke7 45. Rh8 b6 46. Kd5 Kd7 47. Rxh6 1-0

[Event "Lovsprings op 11th D"]
[Site "Ringsted"]
[Date "2000.05.12"]
[Round "7"]
[White "Vilsgaard, Lars"]
[Black "Pedersen, Jon"]
[Result "0-1"]
[WhiteElo "1192"]
[BlackElo "1100"]
[PlyCount "70"]
[EventDate "2000.03.24"]
[EventType "swiss"]
[EventRounds "7"]
[EventCountry "DEN"]
[SourceTitle "EXT 2023"]
[Source "ChessBase"]
[SourceDate "2022.10.05"]
[SourceVersion "1"]
[SourceVersionDate "2022.10.05"]
[SourceQuality "1"]

1. e4 c6 2. Nf3 d5 3. exd5 cxd5 4. d4 Nf6 5. Nc3 e6 6. Bb5+ Bd7 7. Qe2 a6 8. Bxd7+ Nbxd7 9. Bg5 Be7 10. Bxf6 Nxf6 11. 0-0 0-0 12. a3 Rc8 13. h3 Qb6 14. Rfb1 Rc4 15. Nd1 Rfc8 16. c3 Ne4 17. Ne3 R4c7 18. Ne5 Bf6 19. N5g4 Be7 20. Ne5 Bd6 21. Nf3 Qa7 22. Nf1 b5 23. N1d2 Nxd2 24. Qxd2 Qb6 25. Qd3 h6 26. Qe2 a5 27. Nh2 b4 28. axb4 axb4 29. Ra6 Bxh2+ 30. Kxh2 Qb8 31. cxb4 Rc2+ 32. Kg1 Rxe2 33. Kf1 Rxb2 34. Rba1 Qxb4 35. g3 Qxd4 0-1